<?xml version="1.0" encoding="UTF-8"?><?xml-stylesheet type="text/xsl" href="static/style.xsl"?><OAI-PMH xmlns="http://www.openarchives.org/OAI/2.0/" xmlns:xsi="http://www.w3.org/2001/XMLSchema-instance" xsi:schemaLocation="http://www.openarchives.org/OAI/2.0/ http://www.openarchives.org/OAI/2.0/OAI-PMH.xsd"><responseDate>2026-04-13T05:52:18Z</responseDate><request verb="GetRecord" identifier="oai:www.recercat.cat:2072/436203" metadataPrefix="marc">https://recercat.cat/oai/request</request><GetRecord><record><header><identifier>oai:recercat.cat:2072/436203</identifier><datestamp>2025-04-27T04:13:16Z</datestamp><setSpec>com_2072_98</setSpec><setSpec>col_2072_378192</setSpec></header><metadata><record xmlns="http://www.loc.gov/MARC21/slim" xmlns:dcterms="http://purl.org/dc/terms/" xmlns:xsi="http://www.w3.org/2001/XMLSchema-instance" xmlns:doc="http://www.lyncode.com/xoai" xsi:schemaLocation="http://www.loc.gov/MARC21/slim http://www.loc.gov/standards/marcxml/schema/MARC21slim.xsd">
   <leader>00925njm 22002777a 4500</leader>
   <datafield ind2=" " ind1=" " tag="042">
      <subfield code="a">dc</subfield>
   </datafield>
   <datafield ind2=" " ind1=" " tag="720">
      <subfield code="a">Lacalle Zalduendo, María Rosario</subfield>
      <subfield code="e">author</subfield>
   </datafield>
   <datafield ind2=" " ind1=" " tag="720">
      <subfield code="a">Sánchez Ares, María Luz</subfield>
      <subfield code="e">author</subfield>
   </datafield>
   <datafield ind2=" " ind1=" " tag="260">
      <subfield code="c">2019</subfield>
   </datafield>
   <datafield ind2=" " ind1=" " tag="520">
      <subfield code="a">Este artículo ha sido elaborado en el marco del proyecto Historia de la programación y programas de ficción televisiva en España (cadenas de ámbito estatal): de la desregulación al apagón analógico, 1990-2010 (CSO2015-66260-C4-4-P), financiado por el Ministerio de Economía y Competitividad. Los datos de la producción de ficción española entre 2008 y 2017 proceden de los informes elaborados por el equipo español de Obitel (Observatorio Iberoamericano de Ficción Televisiva), que dirige Charo Lacalle.</subfield>
   </datafield>
   <datafield ind2=" " ind1=" " tag="520">
      <subfield code="a">Este artículo intenta paliar la ausencia de datos y de investigaciones empíricas sobre las diferentes modalidades de producción de ficción televisiva española, desde el predominio inicial de la producción interna hasta la casi completa externalización actual. La muestra incluye las 490 producciones de ficción propia, estrenadas en las cadenas estatales entre 1990 y 2017, en las que participaron 234 empresas. La investigación revela que más del 60% de las productoras independientes únicamente han participado en una sola ficción, mientras que 10 empresas (los grupos RTVE, Atresmedia y Mediaset, y siete productoras independientes) son responsables de más de la mitad de los estrenos. El análisis pone de manifiesto el carácter paradójico de un sector cuya creciente especialización y concentración vertical convive con la atomización de las productoras independientes.</subfield>
   </datafield>
   <datafield ind2=" " ind1=" " tag="520">
      <subfield code="a">This article attempts to mitigate the absence of data and empirical research on the different types of production of Spanish television fiction, from the initial predominance of in-house production to the near complete industry wide trend of outsourcing. The sample includes 490 productions aired on national networks between 1990 and 2017 across 234 production houses. The research reveals that more than 60% of independent producers have partaken in only one production, while 10 studios (including the three major national networks) are responsible for more than half of the productions. The analysis highlights the paradoxical nature of a sector whose growing specialization and vertical concentration coexists with the atomization of independent producers.</subfield>
   </datafield>
   <datafield tag="653" ind2=" " ind1=" ">
      <subfield code="a">Producción audiovisual</subfield>
   </datafield>
   <datafield tag="653" ind2=" " ind1=" ">
      <subfield code="a">Televisión</subfield>
   </datafield>
   <datafield tag="653" ind2=" " ind1=" ">
      <subfield code="a">Ficción</subfield>
   </datafield>
   <datafield tag="653" ind2=" " ind1=" ">
      <subfield code="a">Series de televisión</subfield>
   </datafield>
   <datafield tag="653" ind2=" " ind1=" ">
      <subfield code="a">Industrias culturales</subfield>
   </datafield>
   <datafield tag="653" ind2=" " ind1=" ">
      <subfield code="a">España</subfield>
   </datafield>
   <datafield tag="653" ind2=" " ind1=" ">
      <subfield code="a">Audiovisual production</subfield>
   </datafield>
   <datafield tag="653" ind2=" " ind1=" ">
      <subfield code="a">Fiction</subfield>
   </datafield>
   <datafield tag="653" ind2=" " ind1=" ">
      <subfield code="a">TV series</subfield>
   </datafield>
   <datafield tag="653" ind2=" " ind1=" ">
      <subfield code="a">Cultural industries</subfield>
   </datafield>
   <datafield tag="653" ind2=" " ind1=" ">
      <subfield code="a">Spain</subfield>
   </datafield>
   <datafield ind2="0" ind1="0" tag="245">
      <subfield code="a">Producción de ficción televisiva española a partir de la desregulación : entre la atomización de las empresas y la concentración vertical</subfield>
   </datafield>
</record></metadata></record></GetRecord></OAI-PMH>